00623nam a2200121Ia 4500008004100000100005800041245021100099260002700310650002000337856005200357999001900409952007300428171212s9999 xx 000 0 und d aWynn, Barbara O.;Caloyeras, John P.;Soohoo, Nelson F. cWynn, Barbara O.;Caloyeras, John P.;Soohoo, Nelson F.aAmbulatory Surgical Services Provided Under California Workers’ CompensationbAn Assessment of the Feasibility and Advisability of Expanding Coverage bRAND Corporationc2014 aHealth Sciences uhttp://www.jstor.org/stable/10.7249/j.ctt6wq912 c351705d351705 001040aCLbCLd2017-12-12l0r2017-12-12 00:00:00w2017-12-12yCBE